[Event "Moscow-ch act"]
[Site "Moscow"]
[Date "2010.10.03"]
[Round "9"]
[White "Orlinkov, Maxim L"]
[Black "Danielian, Oganes"]
[Result "1-0"]
[WhiteElo "2364"]
[BlackElo "2530"]
[PlyCount "73"]
[EventDate "2010.10.03"]
[EventType "swiss"]
[EventRounds "9"]
[EventCountry "RUS"]
[SourceTitle "EXT 2012"]
[Source "ChessBase"]
[SourceDate "2011.11.24"]
[SourceVersion "1"]
[SourceVersionDate "2011.11.24"]
[SourceQuality "1"]

1. d4 Nf6 2. c4 e6 3. g3 c5 4. d5 b5 5. Bg2 Bb7 6. e4 bxc4 7. Nc3 Na6 8. a3 exd5 9. exd5 Bd6 10. Nf3 0-0 11. 0-0 Re8 12. Nd2 Be5 13. Nxc4 d6 14. Nxe5 dxe5 15. Qa4 h6 16. Rd1 Qd6 17. Be3 Rac8 18. Nb5 Qd7 19. Qc4 Ng4 20. Nxa7 Nxe3 21. fxe3 Rb8 22. Nc6 Rbc8 23. b4 Qd6 24. b5 Nb8 25. Rac1 Nd7 26. Bh3 e4 27. Bxd7 Qxd7 28. Qxc5 h5 29. Rf1 h4 30. Kg2 Qg4 31. Rf2 Re5 32. Qd6 hxg3 33. hxg3 Rh5 34. Rh1 Rxh1 35. Kxh1 Re8 36. Ne7+ Kh7 37. Rh2+ 1-0

[Event "Moscow-ch act"]
[Site "Moscow"]
[Date "2010.10.03"]
[Round "7"]
[White "Stukopin, Andrey"]
[Black "Danielian, Oganes"]
[Result "1-0"]
[WhiteElo "2458"]
[BlackElo "2530"]
[PlyCount "79"]
[EventDate "2010.10.03"]
[EventType "swiss"]
[EventRounds "9"]
[EventCountry "RUS"]
[SourceTitle "EXT 2012"]
[Source "ChessBase"]
[SourceDate "2011.11.24"]
[SourceVersion "1"]
[SourceVersionDate "2011.11.24"]
[SourceQuality "1"]

1. e4 e6 2. d4 d5 3. Nc3 Nf6 4. Bg5 dxe4 5. Nxe4 Be7 6. Bxf6 gxf6 7. Nf3 f5 8. Ned2 c5 9. dxc5 Qa5 10. c3 Qxc5 11. Nb3 Qb6 12. Bc4 Nc6 13. Qe2 Bd7 14. 0-0-0 0-0-0 15. Rd2 Rhg8 16. g3 Qc7 17. Rhd1 f4 18. Kb1 fxg3 19. hxg3 h5 20. Rh1 h4 21. Nxh4 Ne5 22. Bb5 Bxb5 23. Qxb5 Nc4 24. Rd4 Rxd4 25. Nxd4 Ba3 26. Qa4 Bxb2 27. Nb5 Nb6 28. Qb3 Qc5 29. Kxb2 Qxf2+ 30. Ka1 Rxg3 31. Nf5 Rg1+ 32. Rxg1 Qxg1+ 33. Kb2 Qf2+ 34. Ka1 exf5 35. Nd6+ Kc7 36. Nb5+ Kb8 37. Qb4 Qf1+ 38. Kb2 Qe2+ 39. Ka3 Qe6 40. Qf4+ 1-0

[Event "Cappelle op 25th"]
[Site "Cappelle la Grande"]
[Date "2009.03.07"]
[Round "9"]
[White "Danielian, Oganes"]
[Black "Miroshnichenko, Evgenij"]
[Result "0-1"]
[WhiteElo "2519"]
[BlackElo "2667"]
[PlyCount "64"]
[EventDate "2009.02.28"]
[EventType "swiss"]
[EventRounds "9"]
[EventCountry "FRA"]
[SourceTitle "CBM 129 Extra"]
[Source "ChessBase"]
[SourceDate "2009.05.05"]
[SourceVersion "2"]
[SourceVersionDate "2009.05.20"]
[SourceQuality "1"]

1. d4 Nf6 2. Nf3 g6 3. c4 Bg7 4. Nc3 0-0 5. e4 d6 6. Be2 e5 7. 0-0 Nc6 8. d5 Ne7 9. Nd2 c5 10. Rb1 Ne8 11. b4 b6 12. bxc5 bxc5 13. Nb3 f5 14. Bg5 h6 15. Bxe7 Qxe7 16. Na5 Nf6 17. exf5 gxf5 18. Nc6 Qd7 19. f4 exf4 20. Rxf4 Kh8 21. Qd3 Ng8 22. Rbf1 Bb7 23. Rxf5 Rxf5 24. Rxf5 Re8 25. Bh5 Re3 26. Qxe3 Qxf5 27. g4 Qc2 28. Nb5 a6 29. Nxd6 Bxc6 30. dxc6 Bd4 31. Qxd4+ cxd4 32. c7 Ne7 0-1

[Event "Cappelle op 25th"]
[Site "Cappelle la Grande"]
[Date "2009.03.04"]
[Round "6"]
[White "Solodovnichenko, Yuri"]
[Black "Danielian, Oganes"]
[Result "0-1"]
[WhiteElo "2571"]
[BlackElo "2519"]
[PlyCount "196"]
[EventDate "2009.02.28"]
[EventType "swiss"]
[EventRounds "9"]
[EventCountry "FRA"]
[SourceTitle "CBM 129 Extra"]
[Source "ChessBase"]
[SourceDate "2009.05.05"]
[SourceVersion "2"]
[SourceVersionDate "2009.05.20"]
[SourceQuality "1"]

1. e4 e6 2. d4 d5 3. Nc3 Nf6 4. e5 Nfd7 5. f4 c5 6. Nf3 Nc6 7. Be3 Qb6 8. Na4 Qa5+ 9. c3 b6 10. Bd2 c4 11. b4 Qa6 12. a3 Be7 13. g3 f5 14. exf6 Nxf6 15. Nb2 0-0 16. Bh3 Ne4 17. 0-0 b5 18. a4 Bd7 19. Qc2 Qb7 20. a5 Bf6 21. Nd1 Ne7 22. Nf2 Nf5 23. Rae1 Nfd6 24. Nxe4 Nxe4 25. Bc1 Rae8 26. Re2 Qc8 27. Rfe1 Re7 28. Nd2 Nd6 29. Bg4 Qe8 30. Kg2 Qf7 31. h4 h5 32. Bh3 Rfe8 33. Kh2 Bc6 34. Rf1 Rf8 35. Rfe1 Rfe8 36. Rg1 Rf8 37. Rf1 Qe8 38. Ref2 Bd7 39. Bg2 Bc6 40. Re1 Qf7 41. Bh3 Qe8 42. Qd1 a6 43. Qe2 Bd7 44. Qf1 Qg6 45. Rfe2 Rfe8 46. Qg2 Qf7 47. Nf3 Ne4 48. Re3 Rf8 49. R1e2 Rfe8 50. Bd2 Qg6 51. Be1 Qh7 52. Bf2 Kh8 53. Qf1 Qg6 54. Qe1 Qh7 55. Qc1 Kg8 56. Qc2 Qh6 57. Kg2 Bc8 58. Kh2 Kh8 59. Be1 Kg8 60. Bg2 Bb7 61. Bf2 Kh8 62. Qb1 Kg8 63. Qe1 Kf7 64. Kg1 Qg6 65. Qb1 Qf5 66. Qc2 Kg8 67. Kh2 Qh7 68. Be1 Qh6 69. Ng5 Bxg5 70. hxg5 Qh7 71. Kg1 Rf8 72. Bf3 g6 73. Rh2 Qf7 74. Qg2 Qf5 75. Bd1 Rh7 76. Rh4 Qf7 77. Bc2 Kg7 78. Re2 Rfh8 79. Qh3 Kf8 80. Rh2 Kg8 81. Qg2 Bc6 82. Qe2 Bb7 83. Qe3 Qf5 84. Bd1 Qf7 85. Bf3 Qf5 86. Qe2 Rf7 87. Bg2 Rfh7 88. Rh1 Qf7 89. Qe3 Qf5 90. Bf3 Bc6 91. R1h3 Bb7 92. g4 hxg4 93. Bxg4 Qxg4+ 94. Rxg4 Rxh3 95. Qc1 Rh1+ 96. Kg2 R8h2+ 97. Kf3 Rf1+ 98. Ke3 Nd6 0-1

[Event "Cappelle op 23rd"]
[Site "Cappelle la Grande"]
[Date "2007.03.07"]
[Round "6"]
[White "Arutinian, David"]
[Black "Danielian, Oganes"]
[Result "1-0"]
[WhiteElo "2552"]
[BlackElo "2515"]
[PlyCount "69"]
[EventDate "2007.03.03"]
[EventType "swiss"]
[EventRounds "9"]
[EventCountry "FRA"]
[SourceTitle "CBM 117 Extra"]
[Source "ChessBase"]
[SourceDate "2007.05.09"]
[SourceVersion "1"]
[SourceVersionDate "2007.05.09"]
[SourceQuality "1"]

1. d4 e6 2. c4 d5 3. Nf3 Nf6 4. Nc3 Be7 5. Bg5 h6 6. Bh4 0-0 7. e3 Ne4 8. Bxe7 Qxe7 9. Rc1 Nf6 10. a3 a6 11. cxd5 exd5 12. Qb3 c6 13. Bd3 Nbd7 14. 0-0 Kh8 15. Qc2 Re8 16. Na4 Ne4 17. b4 g5 18. Nc5 Nexc5 19. bxc5 g4 20. Nd2 Qg5 21. e4 Nf8 22. f4 Qh5 23. f5 dxe4 24. Nxe4 Nh7 25. Nd6 g3 26. hxg3 Nf6 27. Rf4 Re7 28. Qd2 Kg7 29. Ne4 Nxe4 30. Bxe4 f6 31. Bf3 Qe8 32. Rh4 Qh8 33. Rg4+ Kh7 34. Qxh6+ Kxh6 35. Kf2 1-0

[Event "Cappelle op 22nd"]
[Site "Cappelle la Grande"]
[Date "2006.02.22"]
[Round "6"]
[White "Marholev, Dimitar"]
[Black "Danielian, Oganes"]
[Result "1-0"]
[WhiteElo "2427"]
[BlackElo "2518"]
[PlyCount "80"]
[EventDate "2006.02.18"]
[EventType "swiss"]
[EventRounds "10"]
[EventCountry "FRA"]
[SourceTitle "CBM 110 Extra"]
[Source "ChessBase"]
[SourceDate "2006.03.10"]
[SourceVersion "2"]
[SourceVersionDate "2006.03.10"]
[SourceQuality "1"]

1. c4 e5 2. g3 Nc6 3. Bg2 g6 4. Nc3 Bg7 5. d3 d6 6. Rb1 Bg4 7. h3 Bd7 8. e3 Nge7 9. Nge2 h5 10. b4 Qc8 11. b5 Nd8 12. a4 h4 13. g4 f5 14. gxf5 Bxf5 15. a5 a6 16. b6 c6 17. e4 Be6 18. Ba3 Nf7 19. Rc1 c5 20. Nd5 Nxd5 21. cxd5 Bd7 22. f4 0-0 23. Qb3 Bh6 24. d4 exf4 25. Bf3 Qe8 26. dxc5 Ba4 27. Qb1 Ne5 28. Nd4 Bb5 29. Rc3 Bd7 30. cxd6 Bg7 31. Rc7 Nf7 32. Ne6 Bxe6 33. dxe6 Qxe6 34. Bg4 Qe5 35. 0-0 f3 36. Kh1 Ng5 37. Qa2+ Kh8 38. Rxg7 Nxe4 39. Re7 Ng3+ 40. Kg1 Qd4+ 1-0

[Event "Goldberg Memorial"]
[Site "Moscow"]
[Date "1998.??.??"]
[Round "11"]
[White "Danielian, Oganes"]
[Black "Korotylev, Alexey"]
[Result "1-0"]
[WhiteElo "2450"]
[BlackElo "2470"]
[PlyCount "73"]
[EventDate "1998.??.??"]
[EventType "tourn"]
[EventRounds "15"]
[EventCountry "RUS"]
[SourceTitle "EXT 2000"]
[Source "ChessBase"]
[SourceDate "1999.11.16"]
[SourceVersion "1"]
[SourceVersionDate "1999.11.16"]
[SourceQuality "1"]

1. d4 Nf6 2. c4 e6 3. Nf3 b6 4. g3 Ba6 5. Qa4 c5 6. Bg2 Bb7 7. dxc5 Bxc5 8. 0-0 0-0 9. Nc3 Ne4 10. Nxe4 Bxe4 11. b4 Be7 12. Bf4 Nc6 13. a3 a5 14. b5 Bxf3 15. exf3 Nd4 16. Rfe1 Rc8 17. Rad1 Nf5 18. Bf1 Rc5 19. Bd3 Qc8 20. Qc2 g6 21. Qe2 Bf6 22. Bxf5 Rxf5 23. Bd6 Rd8 24. g4 Rc5 25. Bxc5 Qxc5 26. Rd3 d6 27. Qe4 Be7 28. f4 Bf8 29. Rf3 Rc8 30. f5 exf5 31. gxf5 Qxc4 32. fxg6 hxg6 33. Qxc4 Rxc4 34. Re8 d5 35. Rb8 d4 36. Rxb6 a4 37. Rc6 1-0

[Event "Goldberg Memorial"]
[Site "Moscow"]
[Date "1998.??.??"]
[Round "5"]
[White "Danielian, Oganes"]
[Black "Kosyrev, Vladimir"]
[Result "0-1"]
[WhiteElo "2450"]
[BlackElo "2405"]
[PlyCount "57"]
[EventDate "1998.??.??"]
[EventType "tourn"]
[EventRounds "15"]
[EventCountry "RUS"]
[SourceTitle "EXT 2000"]
[Source "ChessBase"]
[SourceDate "1999.11.16"]
[SourceVersion "1"]
[SourceVersionDate "1999.11.16"]
[SourceQuality "1"]

1. d4 e6 2. c4 Nf6 3. Nf3 d5 4. Nc3 Bb4 5. Bg5 dxc4 6. e4 c5 7. Bxc4 cxd4 8. Nxd4 Bxc3+ 9. bxc3 Qa5 10. Bb5+ Nbd7 11. Bxf6 Qxc3+ 12. Kf1 gxf6 13. Nf5 Qc5 14. Nd6+ Ke7 15. Nxc8+ Qxc8 16. Rc1 Nc5 17. Qh5 e5 18. f4 Qc7 19. fxe5 Qb6 20. Bc4 Rhf8 21. exf6+ Qxf6+ 22. Ke1 Rac8 23. Rf1 Nd3+ 24. Kd2 Nf4 25. Qb5 Qd4+ 26. Bd3 Rxc1 27. Rxc1 Nxd3 28. Rc7+ Kd8 29. Rc4 0-1

[Event "Goldberg Memorial"]
[Site "Moscow"]
[Date "1998.??.??"]
[Round "3"]
[White "Gelman, Alexander"]
[Black "Danielian, Oganes"]
[Result "1/2-1/2"]
[WhiteElo "2440"]
[BlackElo "2450"]
[PlyCount "22"]
[EventDate "1998.??.??"]
[EventType "tourn"]
[EventRounds "15"]
[EventCountry "RUS"]
[SourceTitle "EXT 2000"]
[Source "ChessBase"]
[SourceDate "1999.11.16"]
[SourceVersion "1"]
[SourceVersionDate "1999.11.16"]
[SourceQuality "1"]

1. Nf3 Nf6 2. g3 g6 3. Bg2 Bg7 4. 0-0 0-0 5. c4 c6 6. Nc3 d5 7. cxd5 cxd5 8. d4 Nc6 9. Ne5 Nxe5 10. dxe5 Ng4 11. Nxd5 Nxe5 1/2-1/2

[Event "Goldberg Memorial"]
[Site "Moscow"]
[Date "1998.??.??"]
[Round "6"]
[White "Odeev, Handszar"]
[Black "Danielian, Oganes"]
[Result "0-1"]
[WhiteElo "2430"]
[BlackElo "2450"]
[PlyCount "52"]
[EventDate "1998.??.??"]
[EventType "tourn"]
[EventRounds "15"]
[EventCountry "RUS"]
[SourceTitle "EXT 2000"]
[Source "ChessBase"]
[SourceDate "1999.11.16"]
[SourceVersion "1"]
[SourceVersionDate "1999.11.16"]
[SourceQuality "1"]

1. e4 e6 2. d4 d5 3. Nd2 c5 4. Ngf3 cxd4 5. exd5 Qxd5 6. Bc4 Qd6 7. 0-0 Nf6 8. Nb3 Nc6 9. Nbxd4 Nxd4 10. Nxd4 a6 11. b3 Qc7 12. Bb2 Bd6 13. Nf3 b6 14. Qe2 Bb7 15. Rad1 0-0 16. Bxf6 gxf6 17. Bd3 f5 18. h3 Kh8 19. c4 Rg8 20. Kh1 Rxg2 21. Kxg2 Rg8+ 22. Kh1 Qc6 23. Qb2+ Rg7 24. Qxg7+ Kxg7 25. Be2 Qe4 26. Rfe1 Bb4 0-1

[Event "Moscow GM2"]
[Site "Moscow"]
[Date "1996.??.??"]
[Round "?"]
[White "Danielian, Oganes"]
[Black "Barskij, Vladimir"]
[Result "1-0"]
[WhiteElo "2450"]
[BlackElo "2350"]
[PlyCount "83"]
[EventDate "1996.??.??"]
[EventType "tourn"]
[EventRounds "13"]
[EventCountry "RUS"]
[EventCategory "8"]
[SourceTitle "EXT 2000"]
[Source "ChessBase"]
[SourceDate "1999.11.16"]
[SourceVersion "1"]
[SourceVersionDate "1999.11.16"]
[SourceQuality "1"]

1. d4 d5 2. Nf3 Nf6 3. c4 e6 4. Nc3 Nbd7 5. Qc2 c6 6. cxd5 exd5 7. Bf4 Be7 8. e3 0-0 9. Bd3 Re8 10. h3 Nf8 11. 0-0 Ng6 12. Bh2 Bd6 13. Bxd6 Qxd6 14. Ng5 Re7 15. Na4 Ne8 16. Rae1 Qf6 17. f4 Nd6 18. Nf3 Bf5 19. Ne5 Bxd3 20. Qxd3 Qf5 21. Qa3 Rd8 22. Nc3 a6 23. e4 dxe4 24. Nxe4 Nc8 25. g4 Qe6 26. f5 Qd5 27. fxg6 Qxd4+ 28. Nf2 hxg6 29. Nxc6 bxc6 30. Rxe7 Nxe7 31. Qxe7 Rb8 32. b3 Qc3 33. Ne4 Qd4+ 34. Kg2 Qd5 35. Rf3 f6 36. Qd6 Qb5 37. Qe6+ Kh7 38. Qe7 Kh8 39. Nc5 Qb4 40. Rd3 Kh7 41. Rd7 Rg8 42. Qxf6 1-0

[Event "Cappelle op 12th"]
[Site "Cappelle la Grande"]
[Date "1996.??.??"]
[Round "3"]
[White "Danielian, Oganes"]
[Black "Landa, Konstantin"]
[Result "1-0"]
[WhiteElo "2450"]
[BlackElo "2560"]
[PlyCount "63"]
[EventDate "1996.02.??"]
[EventType "swiss"]
[EventRounds "9"]
[EventCountry "FRA"]
[SourceTitle "CBM 051 Extra"]
[Source "ChessBase"]
[SourceDate "1996.05.01"]
[SourceVersion "1"]
[SourceVersionDate "1996.05.01"]
[SourceQuality "1"]

1. d4 Nf6 2. Nf3 e6 3. Bg5 d5 4. e3 c5 5. Nbd2 Nc6 6. c3 h6 7. Bh4 Be7 8. Bd3 Nd7 9. Bg3 0-0 10. 0-0 f5 11. h3 c4 12. Bc2 b5 13. b3 Bb7 14. bxc4 bxc4 15. Rb1 Nb6 16. Ne5 Nxe5 17. dxe5 Bc6 18. Nf3 Qd7 19. Nd4 Bc5 20. Bf4 Rab8 21. Nxc6 Qxc6 22. g4 Be7 23. Kh2 Kh7 24. Rg1 g6 25. Qf3 Bh4 26. Rg2 Rb7 27. Rbg1 Rg7 28. gxf5 exf5 29. Qh5 gxh5 30. Rxg7+ Kh8 31. Bxf5 Bg5 32. Bxg5 1-0

[Event "Moscow GM4"]
[Site "Moscow"]
[Date "1996.??.??"]
[Round "?"]
[White "Danielian, Oganes"]
[Black "Vorobiov, Evgeny E"]
[Result "1/2-1/2"]
[WhiteElo "2450"]
[BlackElo "2320"]
[PlyCount "33"]
[EventDate "1996.??.??"]
[EventType "tourn"]
[EventRounds "13"]
[EventCountry "RUS"]
[EventCategory "7"]
[SourceTitle "EXT 2000"]
[Source "ChessBase"]
[SourceDate "1999.11.16"]
[SourceVersion "1"]
[SourceVersionDate "1999.11.16"]
[SourceQuality "1"]

1. d4 Nf6 2. c4 g6 3. Nc3 d5 4. cxd5 Nxd5 5. e4 Nxc3 6. bxc3 Bg7 7. Qa4+ Nd7 8. Nf3 0-0 9. Bg5 c5 10. Rc1 a6 11. Qa3 h6 12. Be3 e6 13. Bd3 b6 14. 0-0 Bb7 15. h3 Qc7 16. Rb1 Rfd8 17. Qc1 1/2-1/2

[Event "Moscow GM4"]
[Site "Moscow"]
[Date "1996.??.??"]
[Round "?"]
[White "Dvalishvili, Pavel S"]
[Black "Danielian, Oganes"]
[Result "1-0"]
[WhiteElo "2365"]
[BlackElo "2450"]
[PlyCount "98"]
[EventDate "1996.??.??"]
[EventType "tourn"]
[EventRounds "13"]
[EventCountry "RUS"]
[EventCategory "7"]
[SourceTitle "EXT 2000"]
[Source "ChessBase"]
[SourceDate "1999.11.16"]
[SourceVersion "1"]
[SourceVersionDate "1999.11.16"]
[SourceQuality "1"]

1. e4 e6 2. d3 d5 3. Nd2 Nf6 4. Ngf3 Nc6 5. c3 a5 6. Be2 Be7 7. 0-0 0-0 8. Qc2 b6 9. d4 Ba6 10. Bxa6 Rxa6 11. Re1 Ra8 12. exd5 Qxd5 13. Nf1 h6 14. Bf4 Bd6 15. Ne3 Qb5 16. a4 Qh5 17. Bxd6 cxd6 18. Nc4 d5 19. Nce5 Ne7 20. h3 Qf5 21. Qe2 Rab8 22. Ra3 Rfd8 23. Rb3 Ne4 24. Rf1 f6 25. Ng4 Qf4 26. Re1 Nf5 27. Ne3 Nxe3 28. Qxe3 Qxe3 29. Rxe3 Rdc8 30. Ne1 Kf7 31. Nd3 g5 32. Re2 Nd6 33. Kf1 Nc4 34. Ke1 Re8 35. Rb5 Nd6 36. Rb3 Nc4 37. Rb5 Ke7 38. Rxd5 Nd6 39. Kd1 Kd7 40. Rxd6+ Kxd6 41. Kc2 Rec8 42. Re3 Rb7 43. Rf3 Ke7 44. Re3 Rd7 45. Kd2 Rdc7 46. f4 Kd6 47. Rf3 g4 48. hxg4 Rg8 49. Nf2 h5 1-0

[Event "Moscow GM4"]
[Site "Moscow"]
[Date "1996.??.??"]
[Round "?"]
[White "Kiselev, Sergey"]
[Black "Danielian, Oganes"]
[Result "1/2-1/2"]
[WhiteElo "2525"]
[BlackElo "2450"]
[PlyCount "95"]
[EventDate "1996.??.??"]
[EventType "tourn"]
[EventRounds "13"]
[EventCountry "RUS"]
[EventCategory "7"]
[SourceTitle "EXT 2000"]
[Source "ChessBase"]
[SourceDate "1999.11.16"]
[SourceVersion "1"]
[SourceVersionDate "1999.11.16"]
[SourceQuality "1"]

1. d4 e6 2. c4 d5 3. Nf3 Nf6 4. Nc3 Be7 5. Bg5 0-0 6. e3 Nbd7 7. Qc2 c5 8. 0-0-0 cxd4 9. Rxd4 dxc4 10. Bxc4 Qa5 11. Rhd1 h6 12. Bh4 Bc5 13. R4d3 a6 14. Kb1 Re8 15. a3 Bf8 16. Rd4 b5 17. Ba2 Rb8 18. b4 Qb6 19. Bg3 Rb7 20. Bd6 Qa7 21. Bxf8 Nxf8 22. Ne4 Nxe4 23. Qxe4 Rd7 24. Kb2 Red8 25. Rxd7 Rxd7 26. Rxd7 Qxd7 27. Qd4 Qc6 28. Qc3 Bb7 29. Qxc6 Bxc6 30. Ne1 Nd7 31. Kc3 g5 32. f4 Kg7 33. Kd4 Kf6 34. g3 e5+ 35. Kd3 exf4 36. exf4 gxf4 37. gxf4 Kf5 38. Bxf7 Kxf4 39. Kd4 Ne5 40. Be6 Be4 41. Bc8 Nc4 42. Bxa6 Nxa3 43. Nd3+ Bxd3 44. Kxd3 Ke5 45. Kc3 Nb1+ 46. Kc2 Kd4 47. Kxb1 Kc3 48. Kc1 1/2-1/2

[Event "Moscow GM2"]
[Site "Moscow"]
[Date "1996.??.??"]
[Round "?"]
[White "Kobalia, Mihail"]
[Black "Danielian, Oganes"]
[Result "1/2-1/2"]
[WhiteElo "2425"]
[BlackElo "2450"]
[PlyCount "22"]
[EventDate "1996.??.??"]
[EventType "tourn"]
[EventRounds "13"]
[EventCountry "RUS"]
[EventCategory "8"]
[SourceTitle "EXT 2000"]
[Source "ChessBase"]
[SourceDate "1999.11.16"]
[SourceVersion "1"]
[SourceVersionDate "1999.11.16"]
[SourceQuality "1"]

1. e4 e6 2. d4 d5 3. Nd2 c5 4. exd5 Qxd5 5. Ngf3 cxd4 6. Bc4 Qd6 7. 0-0 Nf6 8. Nb3 Nc6 9. Nbxd4 Nxd4 10. Nxd4 a6 11. Re1 Bd7 1/2-1/2

[Event "Moscow-D"]
[Site "Moscow"]
[Date "1996.??.??"]
[Round "?"]
[White "Lomineishvili, Maia"]
[Black "Danielian, Oganes"]
[Result "1-0"]
[WhiteElo "2305"]
[BlackElo "2450"]
[PlyCount "51"]
[EventDate "1996.??.??"]
[EventType "tourn"]
[EventRounds "11"]
[EventCountry "RUS"]
[EventCategory "8"]
[SourceTitle "EXT 1998"]
[Source "ChessBase"]
[SourceDate "1997.11.17"]
[SourceVersion "1"]
[SourceVersionDate "1997.11.17"]
[SourceQuality "1"]

1. d4 e6 2. c4 d5 3. Nc3 Be7 4. cxd5 exd5 5. Bf4 c6 6. e3 Bf5 7. Nge2 Nf6 8. Ng3 Bg6 9. h4 h5 10. Bd3 Bxd3 11. Qxd3 g6 12. 0-0-0 0-0 13. f3 b5 14. Kb1 Nbd7 15. e4 b4 16. Nce2 dxe4 17. fxe4 Ng4 18. Qf3 c5 19. dxc5 Qe8 20. Rd5 Rc8 21. Nxh5 gxh5 22. Rxh5 f5 23. Rxf5 Ngf6 24. Bh6 Rxc5 25. Qg3+ Kf7 26. Nf4 1-0

[Event "Moscow GM2"]
[Site "Moscow"]
[Date "1996.??.??"]
[Round "?"]
[White "Panchenko, Alexander N"]
[Black "Danielian, Oganes"]
[Result "1/2-1/2"]
[WhiteElo "2465"]
[BlackElo "2450"]
[PlyCount "33"]
[EventDate "1996.??.??"]
[EventType "tourn"]
[EventRounds "13"]
[EventCountry "RUS"]
[EventCategory "8"]
[SourceTitle "EXT 2000"]
[Source "ChessBase"]
[SourceDate "1999.11.16"]
[SourceVersion "1"]
[SourceVersionDate "1999.11.16"]
[SourceQuality "1"]

1. Nf3 Nf6 2. c4 e6 3. g3 d5 4. Bg2 Be7 5. 0-0 0-0 6. b3 a5 7. Nc3 c6 8. e3 b6 9. d3 Na6 10. Qe2 Bb7 11. Bb2 Nc7 12. Rfd1 b5 13. Rac1 a4 14. cxb5 cxb5 15. bxa4 b4 16. Nb1 Nce8 17. a3 1/2-1/2

[Event "Moscow GM4"]
[Site "Moscow"]
[Date "1996.??.??"]
[Round "?"]
[White "Vlassov, Nikolai"]
[Black "Danielian, Oganes"]
[Result "1/2-1/2"]
[WhiteElo "2380"]
[BlackElo "2450"]
[PlyCount "106"]
[EventDate "1996.??.??"]
[EventType "tourn"]
[EventRounds "13"]
[EventCountry "RUS"]
[EventCategory "7"]
[SourceTitle "EXT 2000"]
[Source "ChessBase"]
[SourceDate "1999.11.16"]
[SourceVersion "1"]
[SourceVersionDate "1999.11.16"]
[SourceQuality "1"]

1. e4 e6 2. d4 d5 3. e5 c5 4. c3 Qb6 5. Nf3 Bd7 6. a3 cxd4 7. cxd4 Bb5 8. Bxb5+ Qxb5 9. Nc3 Qa6 10. b4 Nd7 11. b5 Qb6 12. 0-0 Qd8 13. Bg5 Ne7 14. Qd3 h6 15. Be3 Nb6 16. Nd2 Nf5 17. a4 Bb4 18. Rfc1 Rc8 19. a5 Nc4 20. Nxc4 dxc4 21. Qe4 Bxc3 22. Rxc3 Qd7 23. Rb1 0-0 24. g4 Ne7 25. Bc1 Rfd8 26. Ba3 Nd5 27. Rh3 c3 28. g5 c2 29. Rc1 Nc3 30. Qxc2 Nxb5 31. Qd3 Nxa3 32. Rxc8 Rxc8 33. Qxa3 hxg5 34. Qe3 g4 35. Rh4 Qa4 36. h3 Qd1+ 37. Kg2 Qf3+ 38. Qxf3 gxf3+ 39. Kxf3 Rc3+ 40. Ke4 Ra3 41. f4 g6 42. Rg4 Rxa5 43. h4 Kf8 44. Rg5 Ra1 45. h5 gxh5 46. Rxh5 Re1+ 47. Kd3 Rg1 48. f5 Rd1+ 49. Kc4 Rc1+ 50. Kd3 exf5 51. Rxf5 Ke8 52. Rh5 a5 53. Rh8+ Kd7 1/2-1/2

[Event "Moscow-A"]
[Site "Moscow"]
[Date "1996.??.??"]
[Round "?"]
[White "Zaitsev, Igor A"]
[Black "Danielian, Oganes"]
[Result "1/2-1/2"]
[WhiteElo "2460"]
[BlackElo "2450"]
[PlyCount "58"]
[EventDate "1996.??.??"]
[EventType "tourn"]
[EventRounds "9"]
[EventCountry "RUS"]
[EventCategory "10"]
[SourceTitle "EXT 1998"]
[Source "ChessBase"]
[SourceDate "1997.11.17"]
[SourceVersion "1"]
[SourceVersionDate "1997.11.17"]
[SourceQuality "1"]

1. e4 e6 2. d4 d5 3. e5 c5 4. c3 Qb6 5. Nf3 Bd7 6. a3 cxd4 7. cxd4 Bb5 8. Bxb5+ Qxb5 9. Nc3 Qa6 10. Be3 Ne7 11. Rc1 Nf5 12. Qc2 Nxe3 13. fxe3 Be7 14. e4 dxe4 15. Qxe4 Nd7 16. Qe2 Qb6 17. 0-0 0-0 18. Na4 Qa5 19. Qc2 Nb6 20. Nxb6 Qxb6 21. Rfe1 h6 22. Re3 Qd8 23. Qe4 Rc8 24. Rec3 Rxc3 25. Rxc3 Qd7 26. h4 Bd8 27. h5 Bb6 28. Kh2 Rd8 29. Rc4 Rc8 1/2-1/2

[Event "Moscow op2"]
[Site "Moscow"]
[Date "1995.??.??"]
[Round "5"]
[White "Bologan, Viktor"]
[Black "Danielian, Oganes"]
[Result "1-0"]
[WhiteElo "2530"]
[BlackElo "2450"]
[PlyCount "55"]
[EventDate "1995.11.??"]
[EventType "swiss"]
[EventRounds "9"]
[EventCountry "RUS"]
[SourceTitle "CBM 050 Extra"]
[Source "ChessBase"]
[SourceDate "1996.03.01"]
[SourceVersion "1"]
[SourceVersionDate "1996.03.01"]
[SourceQuality "1"]

1. e4 e6 2. d3 d5 3. Nd2 Nc6 4. Ngf3 Nf6 5. c3 Bd6 6. g3 0-0 7. Bg2 dxe4 8. dxe4 a5 9. 0-0 e5 10. Qc2 b6 11. Rd1 Ba6 12. Nf1 Qc8 13. Nh4 Bc5 14. Ne3 Ne7 15. b4 axb4 16. cxb4 Bd4 17. Bb2 c5 18. a4 Nc6 19. b5 Nb4 20. Qe2 Bb7 21. Nhf5 Qe6 22. Bxd4 exd4 23. Nxd4 cxd4 24. Rxd4 Nc6 25. bxc6 Bxc6 26. Qc4 Nd7 27. Nf5 Qf6 28. Qxc6 1-0